000 00704nam a2200253Ia 4500
003 OSt
005 20220928125044.0
006 a|||||r|||| 00| 0
007 ta
008 220927b |||||||| |||| 00| 0 eng d
024 _a37032
037 _cTextual
040 _aSDCL
_cSDCL
_beng
041 _2eng
_aeng
082 _aV2'N, P9
100 _aAsthana Pratima Ed.
_9467804
245 0 _aTransformations in Indian History
260 _aNew Delhi
_bAnamika Publishers & Distributors
_c2009
300 _axvii,1085p
_ccm.
650 _aIndia History
700 _a Jafri S Z H Ed.
942 _hV2'N, P9
_cTEXL
_2CC
999 _c780688
_d780688